[Event "London Classic Open 2015"]
[Site "London ENG"]
[Date "2015.12.05"]
[Round "3.43"]
[White "Serntedakis, Athanasios"]
[Black "Nguyen, Piotr"]
[Result "0-1"]
[WhiteElo "2091"]
[BlackElo "2329"]
[WhiteFideId "4239423"]
[BlackFideId "1127993"]
[EventDate "2015.12.04"]

1. e4 g6 2. Nc3 Bg7 3. g3 c5 4. Bg2 Nc6 5. d3 Rb8 6. Be3 d6 7. Nge2 Nd4 8. O-O
b5 9. Qd2 b4 10. Nd1 Nxe2+ 11. Qxe2 Nf6 12. h3 O-O 13. d4 Qa5 14. Qd2 cxd4 15.
Bxd4 e5 16. Be3 Bb7 17. Re1 Bxe4 18. Qxd6 Bxg2 19. Kxg2 Rbc8 20. c3 bxc3 21. b4
Qa3 22. Bc5 Rfd8 23. Qe7 Nd5 24. Qxa7 Qxa7 25. Bxa7 Nxb4 26. Ne3 e4 27. Re2 Rd7
28. Bb6 Rb7 29. Ba5 Nc6 30. Nc4 Nd4 31. Bxc3 Rxc4 32. Bxd4 Rxd4 33. a4 Ra7 34.
a5 f5 35. Ra3 Bf8 36. Rb3 Rxa5 0-1

[Event "London Classic Open 2015"]
[Site "London ENG"]
[Date "2015.12.05"]
[Round "3.44"]
[White "Liu, Yi"]
[Black "Foord, Dominic"]
[Result "1-0"]
[WhiteTitle "FM"]
[WhiteElo "2306"]
[BlackElo "2075"]
[WhiteFideId "3210588"]
[BlackFideId "415391"]
[EventDate "2015.12.04"]

1. d4 d5 2. Bf4 Nf6 3. e3 c5 4. c3 Nc6 5. Nd2 Qb6 6. Qb3 c4 7. Qc2 Bg4 8. b3
cxb3 9. axb3 e6 10. Ngf3 Rc8 11. Be2 Nh5 12. Bg3 Nxg3 13. hxg3 Bf5 14. Qa2 Be7
15. Nh4 Bxh4 16. gxh4 e5 17. dxe5 O-O 18. O-O a6 19. Nf3 Qc7 20. Nd4 Qxe5 21.
Nxf5 Qxf5 22. Rfd1 Rfd8 23. Qa4 Qf6 24. Bf3 Qxc3 25. Bxd5 b5 26. Qe4 Nb4 27. Bb7
Rxd1+ 28. Rxd1 Rf8 29. h5 h6 30. Qe7 Qxb3 31. Rd8 Qb1+ 32. Kh2 Rxd8 33. Qxd8+
Kh7 34. Qe8 Qb3 35. Be4+ g6 36. hxg6+ Kg7 37. Qe5+ Kg8 38. Qb8+ Kg7 39. Qe5+ Kg8
40. Qe7 a5 41. Bf5 1-0

[Event "London Classic Open 2015"]
[Site "London ENG"]
[Date "2015.12.05"]
[Round "3.45"]
[White "Jameson, David"]
[Black "Richardson, John R"]
[Result "0-1"]
[BlackTitle "FM"]
[WhiteElo "2088"]
[BlackElo "2302"]
[WhiteFideId "1801538"]
[BlackFideId "401617"]
[EventDate "2015.12.04"]

1. e4 c6 2. d4 d5 3. Nc3 dxe4 4. Nxe4 Bf5 5. Ng3 Bg6 6. Nf3 Nd7 7. h4 h6 8. h5
Bh7 9. Bd3 Bxd3 10. Qxd3 e6 11. Bf4 Qa5+ 12. Bd2 Qc7 13. O-O-O Ngf6 14. Ne4 Nxe4
15. Qxe4 Nf6 16. Qe2 Bd6 17. Kb1 c5 18. dxc5 Bxc5 19. Qb5+ Ke7 20. Bb4 Rhc8 21.
Rhe1 Qb6 22. Qxb6 axb6 23. Bxc5+ bxc5 24. Ne5 b5 25. g4 Ra6 26. a3 b4 27. axb4
Rca8 28. c3 cxb4 29. Kc2 bxc3 30. Kxc3 Nd5+ 31. Kd2 Rb8 32. Nd3 Nb4 33. Nxb4
Rxb4 34. Rg1 Rxb2+ 35. Ke1 Raa2 36. Rg2 Kf6 37. Kf1 Ra4 38. f3 Raa2 39. Rxb2
Rxb2 40. Rd7 e5 41. Ra7 g6 42. Ra6+ Kg5 43. hxg6 fxg6 44. Ke1 h5 45. gxh5 gxh5
46. Kf1 h4 47. Kg1 Kf4 48. Rf6+ Kg3 49. Rg6+ Kxf3 50. Rh6 Rb4 0-1

[Event "London Classic Open 2015"]
[Site "London ENG"]
[Date "2015.12.05"]
[Round "3.46"]
[White "Paterek, Michal"]
[Black "Brugo, Marco"]
[Result "1-0"]
[WhiteTitle "FM"]
[WhiteElo "2293"]
[BlackElo "2071"]
[WhiteFideId "1116142"]
[BlackFideId "806609"]
[EventDate "2015.12.04"]

1. d4 e6 2. c4 f5 3. g3 Nf6 4. Bg2 Be7 5. Nh3 d6 6. Nf4 O-O 7. Nc3 c6 8. Nd3 Qc7
9. Bf4 Nbd7 10. c5 e5 11. cxd6 Bxd6 12. dxe5 Nxe5 13. Qb3+ Kh8 14. Nxe5 Bxe5 15.
Bxe5 Qxe5 16. O-O Qe7 17. Rfd1 Be6 18. Qa4 a6 19. Qa5 Rad8 20. e3 h6 21. Rac1
Kg8 22. Qb6 Bf7 23. Qa5 Be6 24. Bf3 Rc8 25. Rd2 Qc7 26. Qc5 Rfd8 27. Rcd1 Rxd2
28. Rxd2 Rd8 29. Rxd8+ Qxd8 30. Kg2 Qd7 31. Qe5 Kf7 32. a3 Ke7 33. Qb8 a5 34.
Qa7 Qc7 35. Qc5+ Kd7 36. Qf8 Ne8 37. Bh5 Qd8 38. Bxe8+ Qxe8 39. Qxg7+ Qe7 40.
Qxh6 b5 41. Qf4 b4 42. Qd4+ Kc8 43. axb4 axb4 44. Na4 Bd5+ 45. f3 Kb7 46. Nc5+
Kc8 47. Qxb4 Qxe3 1-0

[Event "London Classic Open 2015"]
[Site "London ENG"]
[Date "2015.12.05"]
[Round "3.47"]
[White "Kalavannan, Koby"]
[Black "Cederstam Barsk, Carl"]
[Result "0-1"]
[BlackTitle "FM"]
[WhiteElo "2088"]
[BlackElo "2291"]
[WhiteFideId "425753"]
[BlackFideId "1713329"]
[EventDate "2015.12.04"]

1. d4 Nf6 2. Nf3 e6 3. c4 c5 4. Nc3 cxd4 5. Nxd4 Bb4 6. Nb5 d5 7. Bf4 O-O 8. e3
Nc6 9. a3 Bxc3+ 10. Nxc3 e5 11. Bg5 d4 12. Nd5 Be6 13. Bxf6 gxf6 14. Bd3 f5 15.
Qh5 e4 16. Bf1 d3 17. Nc7 Bxc4 18. Bxd3 exd3 19. Nxa8 d2+ 20. Kd1 Ne5 21. Qxf5
Bb3+ 22. Ke2 Bc4+ 23. Kd1 Qd6 24. f4 Bb3+ 25. Ke2 Qa6+ 26. Kf2 Nd3+ 27. Kg3 Rxa8
28. Rhd1 Bxd1 29. Rxd1 Qg6+ 30. Qxg6+ hxg6 31. Rxd2 Nc5 32. Kf3 Rc8 33. g4 b5
34. f5 Kg7 35. b4 Na4 36. Rd7 gxf5 37. gxf5 Rc3 38. Rxa7 Nb2 39. Rb7 Nc4 40.
Rxb5 Rxe3+ 41. Kf4 Rxa3 42. h4 Rd3 43. Kg5 Nd6 44. f6+ Kh7 45. Re5 Rg3+ 46. Kh5
Rb3 47. Re7 Rxb4 48. Rxf7+ Kg8 49. Rd7 Nf7 50. Re7 Kf8 51. Kg6 Rg4+ 52. Kf5 Nh6+
53. Ke5 Rxh4 54. Ra7 Nf7+ 55. Ke6 Re4+ 56. Kd5 Re5+ 57. Kd4 Re8 58. Kd5 Rd8+ 59.
Ke6 Rd6+ 60. Kf5 Rd5+ 61. Ke4 Rd8 62. Kf5 Rd1 63. Ra8+ Nd8 64. Kg6 Ke8 65. Ra7
Kf8 66. Ra8 Rd7 67. Ra4 Rd2 68. Ra8 Ke8 69. Ra7 Rg2+ 70. Kf5 Nc6 71. Rg7 Rf2+
72. Ke6 Nd4+ 73. Ke5 Nf5 74. Rg5 Nh6 75. Ke6 Kf8 76. Rc5 Re2+ 77. Re5 Rb2 78.
Rd5 Nf7 79. Rd7 Rb6+ 80. Kf5 Rb5+ 81. Kf4 Nh6 82. Ke4 Ng8 83. Rd6 Kf7 84. Kd4
Nxf6 85. Kc4 Re5 86. Rd4 Ke6 87. Rd8 Re1 88. Rd3 Ke5 89. Rd8 Rc1+ 90. Kb3 Nd5
91. Kb2 Rc5 92. Ra8 Nc3 93. Re8+ Kd4 94. Rd8+ Ke3 95. Kb3 Rc7 96. Rd6 Ke4 97.
Rd2 Nd5 98. Kb2 Nb4 99. Kb3 Nd3 100. Rc2 Rb7+ 101. Kc3 Ke3 102. Kc4 Rb8 103. Rc3
Ke4 104. Rc2 Nc1 105. Kc3 Rc8+ 106. Kb2 Nd3+ 107. Kb3 Rb8+ 108. Kc4 Nb2+ 109.
Kc3 Na4+ 110. Kc4 Nb6+ 111. Kc3 Nd5+ 112. Kd2 Kd4 113. Ra2 Nc3 114. Rc2 Rh8 115.
Kc1 Rh1+ 116. Kb2 Rb1+ 117. Ka3 Kc4 118. Rd2 Rb3# 0-1

[Event "London Classic Open 2015"]
[Site "London ENG"]
[Date "2015.12.05"]
[Round "3.48"]
[White "Chen, Pengyu"]
[Black "De Abreu, Roberto N"]
[Result "1-0"]
[WhiteTitle "FM"]
[BlackTitle "FM"]
[WhiteElo "2289"]
[BlackElo "2056"]
[WhiteFideId "3212092"]
[BlackFideId "14307472"]
[EventDate "2015.12.04"]

1. d4 Nf6 2. c4 c5 3. d5 b5 4. Qc2 bxc4 5. e4 e6 6. Bxc4 exd5 7. exd5 Be7 8. Nf3
O-O 9. O-O d6 10. Nc3 Nbd7 11. Bf4 Nb6 12. b3 Bg4 13. Qd3 Nxc4 14. bxc4 Bh5 15.
Rae1 Re8 16. Bg5 Bg6 17. Qe3 Qd7 18. h3 h6 19. Bh4 Ne4 20. Bxe7 Nxc3 21. Qxc3
Rxe7 22. Rxe7 Qxe7 23. Re1 Qd8 24. Qe3 Kf8 25. Qf4 Kg8 26. Re3 Rb8 27. Rb3 a5
28. Qh4 Qc7 29. Kh2 Kf8 30. Re3 Rb2 31. a3 a4 32. Qf4 Kg8 33. Nh4 Rb8 34. Nxg6
fxg6 35. Re6 g5 36. Qxd6 Qxd6+ 37. Rxd6 Rb3 38. Rc6 Rxa3 39. Rxc5 Rd3 40. Ra5 a3
41. Ra7 Kf8 42. f3 Rc3 43. d6 Ke8 44. Rxg7 Rxc4 45. Ra7 Rd4 46. Rxa3 Rxd6 47.
Ra7 Kf8 48. Kg3 Kg8 49. h4 gxh4+ 50. Kxh4 Rb6 51. Kh5 Rc6 52. f4 Rb6 53. g4 Rc6
54. f5 Rb6 55. Re7 Rb4 56. Re6 Kg7 57. Rg6+ Kh7 58. Rxh6+ Kg7 59. Ra6 Rb7 60.
Kg5 Rc7 61. Re6 Kg8 62. Kf6 Rf7+ 63. Ke5 Ra7 64. Rd6 Rb7 65. g5 Ra7 66. Ke6 Ra8
67. f6 Re8+ 68. Kf5 Kh8 69. Rd7 Ra8 70. Kg6 Rg8+ 71. Kh6 Rc8 72. Rh7+ Kg8 73.
f7+ 1-0

[Event "London Classic Open 2015"]
[Site "London ENG"]
[Date "2015.12.05"]
[Round "3.49"]
[White "Seymour, Timothy P"]
[Black "Haugli, Petter"]
[Result "0-1"]
[BlackTitle "IM"]
[WhiteElo "2080"]
[BlackElo "2260"]
[WhiteFideId "412112"]
[BlackFideId "1500104"]
[EventDate "2015.12.04"]

1. e4 c5 2. c3 e6 3. Nf3 d5 4. exd5 Qxd5 5. d4 Nf6 6. Na3 cxd4 7. Nb5 Qd8 8.
Qxd4 a6 9. Qxd8+ Kxd8 10. Ne5 axb5 11. Nxf7+ Ke7 12. Nxh8 g6 13. Bd3 Bg7 14.
Nxg6+ hxg6 15. Bxg6 Nbd7 16. Bf4 Nd5 17. Bg5+ Bf6 18. f4 Bxg5 19. fxg5 Nf4 20.
Bh7 Nxg2+ 21. Kd2 Ne5 22. Be4 Nh4 23. Raf1 Rxa2 24. Kc2 Ra4 25. b4 Ra2+ 26. Kb1
Re2 27. Rf4 Nhg6 28. Bxg6 Nxg6 29. Rf6 Bd7 30. Rg1 Bc6 31. Ka1 Be4 32. Rg4 Bf5
33. Rg1 Rxh2 34. Rf1 Ne5 35. Re1 Kd6 36. Rd1+ Kc6 37. Rf1 Kd5 38. Rd1+ Kc4 39.
Re1 0-1

[Event "London Classic Open 2015"]
[Site "London ENG"]
[Date "2015.12.05"]
[Round "3.50"]
[White "Stachanczyk, Jacek"]
[Black "Burke, John S"]
[Result "1-0"]
[WhiteTitle "IM"]
[WhiteElo "2258"]
[BlackElo "2049"]
[WhiteFideId "1116657"]
[BlackFideId "404322"]
[EventDate "2015.12.04"]

1. e4 d6 2. d4 Nf6 3. Nc3 e5 4. dxe5 dxe5 5. Qxd8+ Kxd8 6. Bg5 c6 7. O-O-O+ Kc7
8. f4 h6 9. Bh4 Bc5 10. Bxf6 gxf6 11. fxe5 fxe5 12. Nf3 Bg4 13. Be2 Nd7 14. Rhf1
Be3+ 15. Kb1 b5 16. Bxb5 Bd4 17. Nxd4 exd4 18. Be2 dxc3 19. Bxg4 Ne5 20. Bh5
Rab8 21. b3 Rhf8 22. Rde1 f6 23. Kc1 Rbd8 24. Rf2 Kd6 25. Re3 Ke7 26. Rxc3 Rd4
27. Re3 Rb8 28. Rf4 Rbd8 29. Rh4 Rg8 30. g3 Rgd8 31. Be2 Rh8 32. Kb2 Ke6 33. Kc3
Rd6 34. Bd3 Kf7 35. Re2 Kg7 36. Rf4 Rhd8 37. Re3 Ng6 38. Rg4 h5 39. Rxg6+ Kxg6
40. e5+ Rxd3+ 41. Rxd3 Re8 42. exf6 Re2 43. Rd2 Re6 44. Rf2 Kf7 45. Kd4 1-0

[Event "London Classic Open 2015"]
[Site "London ENG"]
[Date "2015.12.05"]
[Round "3.51"]
[White "Sucikova, Svetlana"]
[Black "Roe, Simon J"]
[Result "0-1"]
[WhiteElo "2070"]
[BlackElo "2254"]
[WhiteFideId "14923653"]
[BlackFideId "401471"]
[EventDate "2015.12.04"]

1. c4 e6 2. Nc3 d5 3. d4 c5 4. cxd5 exd5 5. Nf3 Nc6 6. Bg5 Be7 7. Bxe7 Ngxe7 8.
dxc5 d4 9. Ne4 O-O 10. g3 Bf5 11. Nd6 Qa5+ 12. Qd2 Qxc5 13. Nxf5 Nxf5 14. Bg2
Rad8 15. O-O Rfe8 16. Rfd1 h6 17. Rac1 Qd6 18. Qc2 d3 19. Qc5 Qxc5 20. Rxc5 dxe2
21. Re1 Nfd4 22. Nxd4 Rxd4 23. f4 Nb4 24. Bf3 Rd1 25. Rxd1 exd1=Q+ 26. Bxd1 Re1+
27. Kg2 Rxd1 28. Rb5 Rd2+ 29. Kh3 Rxb2 30. Rxb7 a5 31. Rb8+ Kh7 32. a3 Nd3 33.
Ra8 Rb5 34. a4 Rc5 0-1

[Event "London Classic Open 2015"]
[Site "London ENG"]
[Date "2015.12.05"]
[Round "3.52"]
[White "Cordes, Hans-Joerg"]
[Black "Myall, Ivan J"]
[Result "1-0"]
[WhiteTitle "FM"]
[WhiteElo "2250"]
[BlackElo "2048"]
[WhiteFideId "4602234"]
[BlackFideId "425168"]
[EventDate "2015.12.04"]

1. d4 Nf6 2. c4 e6 3. Nc3 Bb4 4. Qc2 O-O 5. a3 Bxc3+ 6. Qxc3 Ne4 7. Qc2 f5 8.
Nh3 b6 9. f3 Nf6 10. e3 Bb7 11. Bd3 Nc6 12. O-O Qe7 13. b4 Nh5 14. Bb2 Qh4 15.
d5 Ne7 16. e4 Nf4 17. Nxf4 Qxf4 18. Rae1 Qh6 19. dxe6 dxe6 20. exf5 Nxf5 21. Qe2
Rad8 22. Bb1 Rd2 23. Qe5 Nh4 24. Re2 Rxe2 25. Qxe2 Rd8 26. Bc3 Rd6 27. c5 bxc5
28. bxc5 Ba6 29. Qe4 Rd8 30. Re1 Rb8 31. Ba2 Bc8 32. f4 Kf7 33. f5 Qg5 34. fxe6+
Ke7 35. c6 Nf3+ 36. Qxf3 Qc5+ 37. Kh1 1-0

[Event "London Classic Open 2015"]
[Site "London ENG"]
[Date "2015.12.05"]
[Round "3.53"]
[White "Ronka, Erik"]
[Black "Praczukowski, Stanislaw"]
[Result "1-0"]
[WhiteElo "2248"]
[BlackElo "2038"]
[WhiteFideId "505080"]
[BlackFideId "1182730"]
[EventDate "2015.12.04"]

1. d4 Nf6 2. c4 g6 3. f3 Bg7 4. e4 d6 5. Nc3 O-O 6. Be3 c5 7. dxc5 dxc5 8. Qxd8
Rxd8 9. Bxc5 Nc6 10. Be3 b6 11. Rc1 Nd7 12. Nge2 Nde5 13. Nf4 Ba6 14. b3 e6 15.
Nb5 Bxb5 16. cxb5 Nb4 17. Bd2 Rxd2 18. Kxd2 Bh6 19. Ke3 Nd7 20. Rc4 Nxa2 21. e5
Nxe5 22. Re4 Nd7 23. Kf2 Nc5 24. Rc4 Nxb3 25. Nd3 a6 26. Ra4 Nac1 27. Nxc1 Bxc1
28. bxa6 Nc5 29. Ra2 Bh6 30. a7 Nb7 31. Ra6 Nc5 32. Ra2 Nb7 33. Bd3 Na5 34. Rb1
Bf8 35. Ke2 Rxa7 36. Rxb6 Rb7 37. Rab2 Ra7 38. Ra2 Nc6 39. Rxa7 Nxa7 40. Ba6 Bc5
41. Rb7 Nc6 42. Rc7 Nb4 43. Bb5 Bd6 44. Rb7 Kf8 45. g3 h5 46. Bc4 Nc6 47. Rb6
Nd4+ 48. Kd3 Be5 49. Ke4 Bf6 50. g4 hxg4 51. fxg4 g5 52. Rb8+ Kg7 53. Rb1 Kg6
54. Bb5 Nxb5 55. Rxb5 Bg7 56. h3 Ba1 57. Kd3 Bg7 58. Kc4 Ba1 59. Kc5 Bg7 60. Kd6
Ba1 61. Ke7 Bf6+ 62. Ke8 Bd4 63. Rb7 f5 64. Ke7 e5 65. Ke6 f4 66. Rb3 Ba1 67.
Kd5 Bd4 68. Ra3 Bb2 69. Ra6+ Kf7 70. Ke4 Bc3 71. Ra7+ Kg6 72. Ra6+ Kf7 73. Rc6
Bd4 74. Rc7+ Kf6 75. Rc6+ Kg7 76. Kf3 Bb2 77. Rc2 Ba1 78. Ke4 Bd4 79. Rc1 Bb2
80. Rb1 Bd4 81. Kf5 Kh6 82. Rb3 Ba1 83. Rb6+ Kg7 84. Kxg5 f3 85. Rb7+ Kg8 86.
Kg6 1-0

[Event "London Classic Open 2015"]
[Site "London ENG"]
[Date "2015.12.05"]
[Round "3.54"]
[White "Hagesather, Arne"]
[Black "Haussernot, Cecile"]
[Result "1-0"]
[BlackTitle "WFM"]
[WhiteElo "2055"]
[BlackElo "2242"]
[WhiteFideId "1502476"]
[BlackFideId "601632"]
[EventDate "2015.12.04"]

1. e4 c5 2. Nf3 d6 3. Bb5+ Nd7 4. O-O a6 5. Bxd7+ Bxd7 6. e5 Bg4 7. h3 Bh5 8.
Re1 e6 9. c4 Qd7 10. d4 cxd4 11. g4 Bg6 12. Qxd4 Qc6 13. Nbd2 Rd8 14. b3 h5 15.
g5 d5 16. Qf4 dxc4 17. Nxc4 b5 18. Nd6+ Rxd6 19. exd6 Bxd6 20. Ne5 Qc7 21. Qd4
Ne7 22. Bf4 Nf5 23. Qe4 O-O 24. Rac1 Qd8 25. Nxg6 fxg6 26. Qxe6+ Kh7 27. Rcd1
Qb6 28. Rxd6 Nxd6 29. Qxd6 Qa5 30. b4 1-0

[Event "London Classic Open 2015"]
[Site "London ENG"]
[Date "2015.12.05"]
[Round "3.55"]
[White "Van De Perre, Tom"]
[Black "Britton, Richard L"]
[Result "1-0"]
[BlackTitle "FM"]
[WhiteElo "2042"]
[BlackElo "2238"]
[WhiteFideId "209040"]
[BlackFideId "401692"]
[EventDate "2015.12.04"]

1. e4 c5 2. Nf3 d6 3. d4 cxd4 4. Qxd4 Nc6 5. Bb5 Bd7 6. Bxc6 Bxc6 7. Nc3 e6 8.
Bg5 Nf6 9. O-O-O Be7 10. Qd3 a6 11. Nd4 Rc8 12. Kb1 b5 13. f3 O-O 14. h4 Qb6 15.
g4 Qb7 16. Rhg1 Rfd8 17. Bxf6 Bxf6 18. g5 Be5 19. h5 g6 20. Nce2 Bg7 21. Rh1 d5
22. Nxc6 Qxc6 23. f4 dxe4 24. Qxd8+ Rxd8 25. Rxd8+ Bf8 26. Rhd1 gxh5 27. Ng3 Kg7
28. Nxh5+ Kg6 29. Nf6 Be7 30. Rg8+ Kf5 31. Rg7 e3 32. Rxf7 e2 33. Re1 Kg6 34.
Ng4 Bd6 35. Rf6+ Kh5 36. Ne3 Kh4 37. Rxe6 Qf3 38. Nf5+ Kg4 39. Nxd6 Qd5 40.
R6xe2 Qxd6 41. Rf2 Qd4 42. Rff1 Kf5 43. Re5+ Kg4 44. g6 1-0

[Event "London Classic Open 2015"]
[Site "London ENG"]
[Date "2015.12.05"]
[Round "3.56"]
[White "Stigar, Petter"]
[Black "Iyengar, Ilya"]
[Result "1-0"]
[WhiteTitle "FM"]
[WhiteElo "2233"]
[BlackElo "2023"]
[WhiteFideId "1500341"]
[BlackFideId "405949"]
[EventDate "2015.12.04"]

1. Nf3 Nf6 2. c4 g6 3. g3 Bg7 4. Bg2 O-O 5. d4 d6 6. O-O Nc6 7. Nc3 e5 8. d5 Ne7
9. c5 Ne8 10. cxd6 Nxd6 11. e4 c5 12. dxc6 Nxc6 13. Bg5 f6 14. Be3 Rf7 15. Qd5
Bf8 16. Rfd1 Kg7 17. Bc5 Rd7 18. Bh3 Nf5 19. Bxf8+ Kxf8 20. Qc5+ Nfe7 21. Bxd7
Bxd7 22. Qd6 1-0

[Event "London Classic Open 2015"]
[Site "London ENG"]
[Date "2015.12.05"]
[Round "3.57"]
[White "De Coverly, Roger D"]
[Black "Lyell, Mark"]
[Result "1/2-1/2"]
[BlackTitle "FM"]
[WhiteElo "2037"]
[BlackElo "2228"]
[WhiteFideId "405213"]
[BlackFideId "402354"]
[EventDate "2015.12.04"]

1. e4 e6 2. d4 d5 3. exd5 exd5 4. c4 Nf6 5. Nc3 Be7 6. cxd5 O-O 7. Nf3 Bg4 8. h3
Bh5 9. Be2 Nxd5 10. O-O Nc6 11. Qb3 Nb6 12. d5 Bxf3 13. Bxf3 Nd4 14. Qd1 Nxf3+
15. Qxf3 Bf6 16. Rd1 Qd7 17. Bf4 Rad8 18. Rac1 Rfe8 19. Ne4 Qf5 20. Nxf6+ Qxf6
21. Bxc7 Qxf3 22. gxf3 Rxd5 23. Bxb6 Rxd1+ 24. Rxd1 axb6 25. Rd6 b5 26. Rb6 Re5
27. Rxb7 g5 28. Kg2 Kg7 29. Rb6 f6 30. b3 Kg6 31. Ra6 h5 32. a4 bxa4 33. bxa4
Re1 34. Ra8 Ra1 35. a5 Kf5 36. a6 Kf4 37. a7 f5 38. Rh8 Rxa7 39. Rxh5 Ra3 40. h4
gxh4 1/2-1/2

[Event "London Classic Open 2015"]
[Site "London ENG"]
[Date "2015.12.05"]
[Round "3.58"]
[White "Feldman, Antony"]
[Black "Lercel, Michal"]
[Result "0-1"]
[WhiteElo "2024"]
[BlackElo "2228"]
[WhiteFideId "2804565"]
[BlackFideId "1114700"]
[EventDate "2015.12.04"]

1. Nf3 Nf6 2. g3 g6 3. Bg2 Bg7 4. O-O d6 5. c4 O-O 6. Nc3 e5 7. d3 c6 8. Rb1 h6
9. b4 a6 10. Qb3 Be6 11. a4 Nbd7 12. Ba3 b5 13. Nd2 Rc8 14. Qd1 d5 15. Rc1 Qb6
16. cxd5 cxd5 17. axb5 axb5 18. Nb3 d4 19. Ne4 Nxe4 20. Rxc8 Rxc8 21. Bxe4 Rc3
22. Nc5 Rxa3 23. Nxe6 Qxe6 0-1

[Event "London Classic Open 2015"]
[Site "London ENG"]
[Date "2015.12.05"]
[Round "3.59"]
[White "Harley, Andrew D"]
[Black "Riedener, Toni"]
[Result "1/2-1/2"]
[WhiteTitle "FM"]
[WhiteElo "2226"]
[BlackElo "2005"]
[WhiteFideId "401390"]
[BlackFideId "1302698"]
[EventDate "2015.12.04"]

1. e4 c5 2. c3 Nf6 3. e5 Nd5 4. Nf3 Nc6 5. Bc4 Nb6 6. Bb3 d5 7. exd6 Qxd6 8. Na3
a6 9. O-O Bf5 10. d4 cxd4 11. Nxd4 Nxd4 12. cxd4 Rd8 13. Qf3 Qd7 14. d5 Nxd5 15.
Rd1 e6 16. Nc4 Bc5 17. Be3 Qb5 18. Bxc5 Qxc5 19. Rac1 Qe7 20. Ne5 Qf6 21. Bxd5
Qxe5 22. Bxb7 O-O 23. Bxa6 Qxb2 24. Bc4 Rd2 25. Bb3 h6 1/2-1/2

[Event "London Classic Open 2015"]
[Site "London ENG"]
[Date "2015.12.05"]
[Round "3.60"]
[White "Mitra, Roman C"]
[Black "Kugler, Florian"]
[Result "0-1"]
[WhiteElo "2023"]
[BlackElo "2213"]
[WhiteFideId "419540"]
[BlackFideId "4633300"]
[EventDate "2015.12.04"]

1. e4 c5 2. Nf3 e6 3. c4 Nc6 4. Nc3 Qc7 5. g3 a6 6. b3 Be7 7. Bb2 Bf6 8. Rb1 d6
9. Bg2 Rb8 10. a4 Nge7 11. O-O O-O 12. h4 Bd7 13. Nh2 Bd4 14. Kh1 f5 15. f3 f4
16. gxf4 Rxf4 17. Qe1 Bxc3 18. dxc3 Ng6 19. h5 Nh4 20. Qg3 Nxg2 21. Kxg2 Rbf8
22. Rbd1 e5 23. Bc1 R4f7 24. Bg5 Kh8 25. Rb1 h6 26. Be3 Be6 27. f4 exf4 28. Bxf4
Ne5 29. Rbd1 Qc6 30. Qe3 Qc8 31. Kg3 Ng4 32. Nxg4 Bxg4 33. Rxd6 Bh3 34. Rg1 Rxf4
35. Kh2 Rf2+ 36. Kh1 R8f3 0-1

[Event "London Classic Open 2015"]
[Site "London ENG"]
[Date "2015.12.05"]
[Round "3.61"]
[White "Barj, Julien"]
[Black "Korning, Peter"]
[Result "1-0"]
[WhiteElo "2207"]
[BlackElo "2000"]
[WhiteFideId "629200"]
[BlackFideId "1723332"]
[EventDate "2015.12.04"]

1. e4 e5 2. Nf3 Nc6 3. Bb5 a6 4. Ba4 Nf6 5. O-O Be7 6. Re1 b5 7. Bb3 O-O 8. c3
d5 9. exd5 Nxd5 10. Nxe5 Nxe5 11. Rxe5 c6 12. d3 Bd6 13. Re1 Bf5 14. Qf3 Re8 15.
Bd2 Rxe1+ 16. Bxe1 Qe7 17. Nd2 Re8 18. Qxf5 1-0

[Event "London Classic Open 2015"]
[Site "London ENG"]
[Date "2015.12.05"]
[Round "3.63"]
[White "Odeh, Kenneth"]
[Black "Guthrie, David"]
[Result "0-1"]
[WhiteElo "2000"]
[BlackElo "2198"]
[WhiteFideId "8500142"]
[BlackFideId "4300505"]
[EventDate "2015.12.04"]

1. e4 c5 2. Nc3 a6 3. g3 b5 4. Bg2 Bb7 5. d3 d6 6. Be3 Nd7 7. Qd2 b4 8. Nd1 Ngf6
9. h3 d5 10. f3 e5 11. Ne2 Be7 12. O-O O-O 13. Kh2 Qc7 14. Bf2 Rfd8 15. Ne3 g6
16. exd5 Nxd5 17. f4 N5f6 18. Bxb7 Qxb7 19. Nc4 e4 20. Rae1 Nb6 21. Nxb6 Qxb6
22. Qe3 Qb7 23. Ng1 Rd4 24. Qe2 e3 25. Bxe3 Rd5 26. Qf3 Rad8 27. Bc1 Qd7 28. Re5
Bf8 29. Rfe1 Rxe5 30. Rxe5 Qa4 31. Qe2 Bd6 32. Re3 Qxa2 33. Qg2 Qd5 34. Nf3 Qh5
35. Kg1 c4 36. d4 Qd5 37. Kf1 Re8 38. Rxe8+ Nxe8 39. Qe2 Nf6 40. Qe3 Qf5 41. g4
Qxc2 42. Ne5 Ne4 43. f5 c3 44. Nd3 cxb2 45. Bxb2 Nd2+ 46. Ke1 Nc4 47. Qe8+ Bf8
48. Bc1 Qxd3 49. Bh6 Qg3+ 50. Ke2 Qd6 51. Kd3 Nb6 52. h4 a5 53. h5 gxh5 54. f6
Nd7 55. gxh5 Nxf6 56. Qa8 Qe7 57. Bg5 Qe6 58. Qg2 Qb3+ 59. Ke2 Qc2+ 60. Bd2+ Kh8
61. Qa8 Qe4+ 62. Qxe4 Nxe4 63. Kd3 Nxd2 0-1

[Event "London Classic Open 2015"]
[Site "London ENG"]
[Date "2015.12.05"]
[Round "3.64"]
[White "Juknis, Paulius"]
[Black "Falkowski, Dawid"]
[Result "0-1"]
[WhiteElo "2192"]
[BlackElo "1998"]
[WhiteFideId "12802247"]
[BlackFideId "1139142"]
[EventDate "2015.12.04"]

1. d4 Nf6 2. Nc3 d5 3. Bg5 Bf5 4. Bxf6 gxf6 5. e3 Nc6 6. Bd3 Qd7 7. Qf3 Bxd3 8.
cxd3 O-O-O 9. Nge2 Rg8 10. Nf4 e5 11. Nfxd5 exd4 12. Nxf6 Qe6 13. Nxg8 dxc3 14.
O-O cxb2 15. Rab1 Bd6 16. Rxb2 Rxg8 17. Rfb1 Qg4 18. Qxg4+ Rxg4 19. Rxb7 Ra4 20.
R7b5 Rxa2 21. d4 a5 22. f4 Nb4 23. d5 Nc2 24. e4 Bxf4 25. R5b2 Rxb2 26. Rxb2 Nb4
27. Rb3 Bc1 28. Kf2 Kb7 29. e5 Ka6 30. e6 fxe6 31. dxe6 Bg5 32. Rg3 Bf6 33. Rg7
Nd5 34. Rxh7 a4 35. Rd7 c6 36. Rh7 a3 37. Rh3 Bb2 38. Rxa3+ Bxa3 39. Kf3 Be7 40.
Ke4 Nc7 0-1

[Event "London Classic Open 2015"]
[Site "London ENG"]
[Date "2015.12.05"]
[Round "3.65"]
[White "Foo, Zhi Rong Benjamin"]
[Black "Roque Sola, Jose Luis"]
[Result "1-0"]
[BlackTitle "CM"]
[WhiteElo "2183"]
[BlackElo "1992"]
[WhiteFideId "5801664"]
[BlackFideId "5120390"]
[EventDate "2015.12.04"]

1. e4 e6 2. b3 d5 3. Bb2 Nf6 4. e5 Nfd7 5. d4 c5 6. c3 Nc6 7. f4 Be7 8. Nf3 O-O
9. Nbd2 b6 10. Bb5 Bb7 11. O-O a6 12. Bd3 cxd4 13. Nxd4 Nc5 14. Bc2 Rc8 15. Rf3
f5 16. exf6 Bxf6 17. Rh3 g6 18. Rxh7 Kxh7 19. Qh5+ Kg8 20. Qxg6+ Bg7 21. Qh7+
Kf7 22. Bg6+ Kf6 23. c4 Nxd4 24. Bxd4+ Ke7 25. Qxg7+ Kd6 26. b4 Nd7 27. Be5+
Nxe5 28. fxe5+ Kc6 29. cxd5+ exd5 30. b5+ 1-0